00867nam a22002297a 450000500170000001000150001702000290003203500140006103700130007508200080008810000160009624501070011225000140021926000420023327000400027530000270031570000160034294200220035899900190038095201190039995201190051820180706120042.0 aENG-123393 c550.00 a9789352534340 aEN-106925 bDBAD/PUB a954 aGrover, B L00aA new look at modern indian history :cby B L Grover [and] Alka Mehtabfrom 1707 to the modern times / a32nd edn. aNew DelhibS. Chand and Companyc2018 a7361, Ram Nagar,bNew Delhie110055 a582p.c26cm(pbk)bill. aMehta, Alka 2ddccENmGROh954 c153482d153482 001040718NFICaDBADbLd2018-07-06eDBAD/PUBg550.00l0o954 GROpEN-106925r2018-07-06 00:00:00t1v550.00yEN 001040708NFICaZLSbZLSd2018-10-17l28m18o954 GROpB-710577r2024-12-21 00:00:00s2024-11-12w2018-10-17yEN